00166nam a22000737a 4500020001400000100001900014245002700033260003200060 a059040989 aAlvin Tresselt aWhite snow bright snow aNew Yorkb Scholasticc1947